The better angel (Record no. 81070)

MARC details
000 -LEADER
fixed length control field 00635nam a2200169 a 4500
008 - FIXED-LENGTH DATA ELEMENTS--GENERAL INFORMATION
fixed length control field 060316s1992 ||||||||||||||||| || u
020 ## - INTERNATIONAL STANDARD BOOK NUMBER
International Standard Book Number 0747511519
050 ## - LIBRARY OF CONGRESS CALL NUMBER
Classification number PR 6068.O5B4
100 ## - MAIN ENTRY--PERSONAL NAME
Personal name Ronan, Frank, 1963-
245 14 - TITLE STATEMENT
Title The better angel
260 ## - PUBLICATION, DISTRIBUTION, ETC. (IMPRINT)
Place of publication, distribution, etc London :
Name of publisher, distributor, etc Bloomsbury
Date of publication, distribution, etc 1992
300 ## - PHYSICAL DESCRIPTION
Extent 179 p.
350 ## -
-- 0.00
650 ## - SUBJECT ADDED ENTRY--TOPICAL TERM
Topical term or geographic name as entry element ENGLISH LANGUAGE
995 ## - RECOMMENDATION 995 [LOCAL, UNIMARC FRANCE]
-- 0.00
-- CBU-MAIN LIBRARY (Kitwe)
-- 2
-- 15.99
-- 1
-- AVAILABLE
-- Fiction Collection
995 ## - RECOMMENDATION 995 [LOCAL, UNIMARC FRANCE]
-- 0.00
-- CBU-MAIN LIBRARY (Kitwe)
-- 1
-- 15.99
-- 1
-- AVAILABLE
-- Fiction Collection
Holdings
Withdrawn status Lost status Source of classification or shelving scheme Damaged status Not for loan Permanent Location Current Location Shelving location Date acquired Total Checkouts Full call number Barcode Date last seen Copy number Price effective from Koha item type
          CBU-MAIN LIBRARY, KITWE. CBU-MAIN LIBRARY, KITWE.   07/14/2023   PR 6068.O5B4 011917 07/14/2023 1 07/14/2023 FICTON COLLECTON
          CBU-MAIN LIBRARY, KITWE. CBU-MAIN LIBRARY, KITWE.   07/14/2023   PR 6068.O5B4 011916 07/14/2023 2 07/14/2023 FICTON COLLECTON